000 00333nam a2200145Ia 4500
008 191201s2007 xx 000 0 und d
082 _a621.38215
_bMII
100 _aMILLMAN, jacob
245 0 _aIntegrated Electronics
250 _a39th
260 _aN.Delhi
_bTMH
_c2007
300 _a910
650 _aB.Tech(ECE)
942 _2ddc
_cBK
999 _c835
_d835